This, But Not That III Quiz Stats

 Plays Quiz Updated Jun 17, 2017

Support Sporcle.
Go Orange.
Score 0/18 Timer 05:00
1 Play Today
% Correct
Blood Types
96.1%
Royal Titles
95.3%
Amphibians
94.5%
Six Main Friends Characters
93.7%
Drink Sizes at Starbucks
93.4%
Beatles Songs
93.3%
Directional Words
92.5%
U.S. Morning TV Talk Shows
91.6%
Rock and Roll Hall of Fame Inductees
90.1%
% Correct
Best Picture Oscar Winners
85.9%
Face Cards
85.7%
Young Marsupials
83%
Types of Matter
81.3%
Sanskrit Buddhist Terms
80.2%
Circles of Hell in The Divine Comedy
79.6%
Indefinite Articles
76.4%
Noah's Sons in the Bible
75.4%
Antarctic Seas
54.9%

You're not logged in!

Compare scores with friends on all Sporcle quizzes.
OR
Log In
Forgot?

From the Vault

Mythology Bunker

by Bolafssonify

This quiz is divine.
Remove Ads.
Support Sporcle.
Get the best of Sporcle when you Go Orange. This ad-free experience offers more features, more stats, and more fun while also helping to support Sporcle. Thank you for becoming a member.

Show Comments

Extras

Top Quizzes Today


Score Distribution

Your Account Isn't Verified!

In order to create a playlist on Sporcle, you need to verify the email address you used during registration. Go to your Sporcle Settings to finish the process.

Report this User

Report this user for behavior that violates our Community Guidelines.

Details: